000 00710nam a2200217 i 4500
001 115427
003 ES-MaACL
005 20250825062556.0
007 t|
008 070308s1929 sp ||||1| spa d
080 _a821.134.2-22"19"
100 1 _aDomingo, Marcelino,
_d1884-1939
_945120
245 1 0 _aJuan sin tierra
_b: comedia en tres actos /
_cMarcelino Domingo.
260 _aMadrid :
_bPrensa Moderna,
_c1929.
300 _a62 p. ;
_c17 cm.
490 1 _aEl Teatro moderno ;
_v222
500 _aEstrenada en el Teatro Principal, de Valencia, el día 16 de noviembre de 1928.
830 0 3 _aEl teatro moderno (Prensa Moderna)
_v222
_9182365
852 _aES-MaACL
_jC-13087
999 _c115427
_d115427